000 00334nam a22001577a 4500
003 SGT
020 _a9789332585751
082 _a612.8,CAR
100 _aCARLSON,NEIL .R
245 _aPHYSIOLOGY OF BEHAVIOR
250 _a12TH
260 _aINDIA
_bPEARSON
_c2021
300 _a736
650 _aPHYSIOLOGY
942 _2ddc
_cBK
_08
999 _c20804
_d20804